| 000 | 00708cam a2200193 4500 | ||
|---|---|---|---|
| 001 | WB3531-05 | ||
| 008 | 000000n1999 000 0 eng u | ||
| 035 | _a(Sirsi) u102024 | ||
| 245 | _aRailtrack investment in property arm. | ||
| 260 | _c1999 | ||
| 490 |
_aFinancial Times _v9 August 1999, 17(1) |
||
| 520 | _aRailtrack will not float Spacia, its commercial property division, but has decided to invest more to develop its railway arch properties. Spacia will invest £5m on refurbishing arch properties in 1999. | ||
| 650 | _aRAIL TRANSPORT | ||
| 650 | _aRAILWAY ARCHES | ||
| 650 | _aINVESTMENT | ||
| 650 | _aTRANSPORT AND COMMUNICATIONS | ||
| 690 | _aPROPERTY-COMMERCIAL PROPERTY | ||
| 942 | _n0 | ||
| 999 |
_c61116 _d61116 |
||